00462nam a2200145Ia 4500008004100000020001800041082001400059100002600073245003800099260001900137500001000156942000700166952012800173999001500301260604s9999 xx 000 0 und d a9789352750917 a813.6 SUT aScholastic Inc935370 0aWings of Fire #07: Winter Turning bSCHOLASTIC INC aWings cBK 00104070aIIMVbIIMVcGENERALd2026-06-04g395.00l0o813.6 SUTp003782r2026-06-04 10:19:12v395.00w2026-06-04yBKBSUT c8164d8164